| 000 | 00833nam a2200157 i 4500 | ||
|---|---|---|---|
| 001 | 183960 | ||
| 003 | ES-MaACL | ||
| 005 | 20251005063137.0 | ||
| 008 | 150102s1832 fr |||| | fre d | ||
| 100 | 1 |
_aRezende, Antonio Telles da Silva Caminha y Menezes, _cMarquis de _9156097 |
|
| 245 | 1 | 0 |
_aEclaircissements historiques sur mes négociations relatives aux affaires du Portugal depuis la mort du roi don Jean VI jusqu'à mon arrivée en France comme ministre près de cette cour / _cAntonio Telles da Silva Caminha y Menezes, Marquis de Rezende. |
| 260 |
_aParis : _b[s.n.], _c1832 ( _fImpr. de Everat) |
||
| 651 | 4 |
_aPortugal- _xHistoria. _96241 |
|
| 852 |
_aES-MaACL _jT-181-F-4 _z.- Enc. en un vol. facticio _z.- Donat. Angel Calderón de la Barca (Actas del Ateneo, junta 9 de abril de 1844) |
||
| 999 |
_c183960 _d183960 |
||